ساعات من العمر / (Record no. 17822)
[ view plain ]
| 000 -الفاتح | |
|---|---|
| حقل البيانات ثابتة الطول | 01212nam a22003257a 4500 |
| 003 - محدد رقم الضبط | |
| رقم الضبط | EG-ScBUE |
| 005 - وقت وتاريخ اخر تعامل مع التسجيلة | |
| رقم الضبط | 20211123102554.0 |
| 008 - عناصر البيانات ثابتة الطول - معلومات عامة | |
| حقل البيانات ثابتة الطول | 131210s2008 ua a f |||| 000 0aara d |
| 017 ## - رقم الإيداع القانونى | |
| رقم الإيداع القانونى | 1997 / 11546 |
| 020 ## - الرقم الدولى المعيارى للكتب | |
| الرقم الدولى المعيارى للكتاب | 9772703815 |
| 040 ## - مصدر الفهرسة | |
| وكالة الفهرسة الأصلية | EG-ScBUE |
| لغة الفهرسة | ara |
| قواعد الوصف | rda |
| وكالة النسخ | EG-ScBUE |
| وكالة التعديل | EG-ScBUE |
| 043 ## - رمز المنطقة الجغرافية | |
| رمز المنطقة الجغرافية | f-ua--- |
| 082 04 - رقم تصنيف ديوى العشرى | |
| رقم التصنيف | 892.78609 |
| رقم المادة | م ط ا |
| رقم الطبعة | 22 |
| 100 1# - المدخل الرئيسى - إسم شخصى | |
| 9 (RLIN) | 33033 |
| الإسم الشخصى | مطاوع، عبد الوهاب، |
| التواريخ المصاحبة للاسم | 1940-2004، |
| الدور | مؤلف. |
| 245 10 - بيان العنوان | |
| العنوان | ساعات من العمر / |
| بيان المسئوليه,etc | عبد الوهاب مطاوع. |
| 250 ## - بيان الطبعة | |
| بيان الطبعة | الطبعة الخامسة. |
| 264 #1 - النشر، التوزيع | |
| مكان الناشر او الموزع | [القاهرة] : |
| اسم الناشر او الموزع | الدار المصرية اللبناية، |
| تاريخ النشر أو التوزيع | 2008. |
| 300 ## - الوصف المادى | |
| التعداد | 197 صفحة : |
| تفاصيل ماديه اخرى للوعاء | رسوم ؛ |
| أبعاد الوعاء | 20 سم |
| 336 ## - نوع المحتوى | |
| source | rdacontent |
| Carrier Type Term | نص |
| Content Type Code | txt |
| 337 ## - نوع الوسيط | |
| source | rdamedia |
| Media Type Term | بدون وسيط |
| Media Type Code | n |
| 338 ## - نوع الحامل أو الناقل | |
| source | rdacarrier |
| Carrier Type Term | مجلد |
| Carrier Type Code | nc |
| 590 ## - تبصرة محلية(RLIN) | |
| تبصرة محلية | Book for the road program. |
| 600 17 - المدخل الاضافى بالموضوع-اسم شخصى | |
| الإسم الشخصى | مطاوع، عبد الوهاب، |
| التواريخ المصاحبة للاسم | 1940-2004 |
| التقسيم الفرعي العام | مذكرات. |
| مصدر الرأس أو المصطلح | BUEsh |
| 650 #7 - المدخل الاضافى بالموضوع-مصطلح موضوعى | |
| مصطلح موضوعي أو اسم جغرافي كعنصر مدخل | الأدباء العرب |
| التقسيم الفرعي الجغرافي | مصر |
| التقسيم الفرعي الشكلي | تراجم. |
| مصدر الرأس أو المصطلح | BUEsh |
| 650 #7 - المدخل الاضافى بالموضوع-مصطلح موضوعى | |
| 9 (RLIN) | 33083 |
| مصطلح موضوعي أو اسم جغرافي كعنصر مدخل | المقالات العربية |
| التقسيم الفرعي الجغرافي | مصر |
| التقسيم الفرعي الزمني | قرن 21. |
| مصدر الرأس أو المصطلح | BUEsh |
| 651 ## - المدخل الاضافى بالموضوع - اسم جغرافى | |
| مصدر الرأس أو المصطلح | BUEsh |
| 653 ## - مصطلح تكشيفى غير مقيد | |
| Arrived date list | December2013 |
| Resource For college | Arabic Literature |
| 655 ## - مصطلح تكشيفى-نوع/شكل | |
| التقسيم الفرعي الشكلي | Reading book |
| -- | 34232 |
| 942 ## - عناصر المدخل الإضافي( كوها) | |
| مصدر التصنيف او مخطط الترفيف | Dewey Decimal Classification |
| Koha [default] item type | Book - Borrowing |
| حالة التراجع | حالة الفقد | مصدر التصنيف او خطة الترفيف | حالة تلف | ليس للاعارة | مجموعات كوها | المكان الدائم | المكان الحالي | موقع الترفيف | تاريخ الاكتساب | سعر الشراء الطبيعي | رقم الاستدعاء | الباركود | Date last seen | مُعار | التكلفة | نوع الوعاء |
|---|---|---|---|---|---|---|---|---|---|---|---|---|---|---|---|---|
| Dewey Decimal Classification | سور الازبكية | Central Library | Central Library | Second Floor | 10/12/2013 | 15.00 | 892.78609 م ط ا | 000035155 | 15/07/2025 | 26/02/2022 | 18.75 | Book - Borrowing |